LEADER 00976nam0-22003371i-450- 001 990002056790403321 005 20021010 010 $a0 521 24013 1 035 $a000205679 035 $aFED01000205679 035 $a(Aleph)000205679FED01 035 $a000205679 100 $a20021010d--------km-y0itay50------ba 101 0 $aita 200 1 $aAgricultural insect pests of temperate regions and their control$fDennis S. Hill 205 $a1°) edz 210 $aCambridge$cUniversity Press$d1987 215 $a659 p.$d19 cm 610 0 $aEntomologia Agraria 610 0 $aInfestazioni 610 0 $aControllo Biologico 676 $a632.709 12 700 1$aHill,$bDennis S.$077231 801 0$aIT$bUNINA$gRICA$2UNIMARC 901 $aBK 912 $a990002056790403321 952 $a61 IX A.3/52$b625 (30/09/1998)$fDAGEN 959 $aDAGEN 996 $aAgricultural insect pests of temperate regions and their control$9406194 997 $aUNINA DB $aING01